[Event "SRB-chT2 West"]
[Site "Arandjelovac"]
[Date "2018.10.07"]
[Round "11.4"]
[White "Bojovic, Dusan"]
[Black "Kurcubic, Jelenko"]
[Result "1-0"]
[WhiteElo "2237"]
[BlackElo "2094"]
[PlyCount "63"]
[EventDate "2018.09.07"]
[EventType "team-tourn"]
[EventRounds "11"]
[EventCountry "SRB"]
[SourceTitle "EXT 2021"]
[Source "ChessBase"]
[SourceDate "2020.10.23"]
[SourceVersion "1"]
[SourceVersionDate "2020.10.23"]
[SourceQuality "1"]
[WhiteTeam "Aleksandrovac Zupa"]
[BlackTeam "Bajina Basta"]
[WhiteTeamCountry "SRB"]
[BlackTeamCountry "SRB"]

1. e4 c5 2. Nf3 d6 3. d4 cxd4 4. Nxd4 Nf6 5. Nc3 a6 6. Be3 e5 7. Nb3 Be7 8. f3 0-0 9. Qd2 Be6 10. 0-0-0 Nbd7 11. g4 Nb6 12. h4 Qc7 13. Rh2 Nfd7 14. Nd5 Bxd5 15. exd5 Rfc8 16. Kb1 Nc4 17. Bxc4 Qxc4 18. Qd3 Qxd3 19. Rxd3 Bd8 20. Nd2 Kf8 21. Ne4 Ke7 22. Ng3 g6 23. h5 b5 24. hxg6 hxg6 25. Rh8 f6 26. Ne4 Bc7 27. Rh7+ Ke8 28. Rd1 f5 29. gxf5 gxf5 30. Rg1 fxe4 31. Rg8+ Nf8 32. Bh6 1-0

[Event "SRB-chT3 West CS"]
[Site "Serbia"]
[Date "2017.10.13"]
[Round "7.5"]
[White "Kurcubic, Jelenko"]
[Black "Suljovic, Sulejman"]
[Result "0-1"]
[WhiteElo "2210"]
[BlackElo "2214"]
[PlyCount "74"]
[EventDate "2017.09.03"]
[EventType "team-tourn"]
[EventRounds "11"]
[EventCountry "SRB"]
[SourceTitle "EXT 2021"]
[Source "ChessBase"]
[SourceDate "2020.10.23"]
[SourceVersion "1"]
[SourceVersionDate "2020.10.23"]
[SourceQuality "1"]

1. Nf3 e6 2. d4 f5 3. d5 Be7 4. dxe6 dxe6 5. Qxd8+ Bxd8 6. Nc3 Nf6 7. e4 Nxe4 8. Nxe4 fxe4 9. Ng5 Bxg5 10. Bxg5 Nd7 11. Bc4 Nb6 12. Bb3 Bd7 13. 0-0-0 c5 14. c4 0-0 15. Be3 Rac8 16. Rd6 Rc7 17. Rhd1 Rf7 18. Kc2 h6 19. Kc3 Nc8 20. R6d2 b6 21. Bc2 Bc6 22. g3 e5 23. h4 Ne7 24. g4 Ng6 25. Rd6 Nf4 26. R1d2 Rfe7 27. g5 hxg5 28. hxg5 Ne6 29. g6 Re8 30. Bd1 Nd4 31. Bg4 Kf8 32. f4 exf3 33. Bg5 Be4 34. Rh2 Kg8 35. Kd2 Bf5 36. Rxd4 exd4 37. Bxf5 Re5 0-1

[Event "SRB-chT3 West CS"]
[Site "Serbia"]
[Date "2017.10.12"]
[Round "6.5"]
[White "Kurcubic, Jelenko"]
[Black "Marinkovic, Zoran"]
[Result "1/2-1/2"]
[WhiteElo "2210"]
[BlackElo "2245"]
[PlyCount "38"]
[EventDate "2017.09.03"]
[EventType "team-tourn"]
[EventRounds "11"]
[EventCountry "SRB"]
[SourceTitle "EXT 2021"]
[Source "ChessBase"]
[SourceDate "2020.10.23"]
[SourceVersion "1"]
[SourceVersionDate "2020.10.23"]
[SourceQuality "1"]

1. Nf3 Nf6 2. d4 g6 3. g3 Bg7 4. Bg2 0-0 5. 0-0 d5 6. Nbd2 c6 7. c3 Nbd7 8. Re1 e5 9. Nxe5 Nxe5 10. dxe5 Ng4 11. Nf3 Nxe5 12. Nxe5 Bxe5 13. Bh6 Bg7 14. Bxg7 Kxg7 15. e4 dxe4 16. Rxe4 Qxd1+ 17. Rxd1 Be6 18. b3 Rad8 19. Red4 Rxd4 1/2-1/2

[Event "SRB-chT2 West"]
[Site "Serbia"]
[Date "2006.09.30"]
[Round "4.4"]
[White "Grubisic, Ilija"]
[Black "Kurcubic, Jelenko"]
[Result "1-0"]
[WhiteElo "2236"]
[BlackElo "2234"]
[PlyCount "83"]
[EventDate "2006.09.09"]
[EventType "team"]
[EventRounds "11"]
[EventCountry "SRB"]
[SourceTitle "EXT 2012"]
[Source "ChessBase"]
[SourceDate "2011.11.24"]
[SourceVersion "1"]
[SourceVersionDate "2011.11.24"]
[SourceQuality "1"]

1. Nf3 Nf6 2. c4 c6 3. g3 d5 4. Bg2 e6 5. b3 Bd6 6. Bb2 Nbd7 7. 0-0 0-0 8. d3 Qe7 9. Qc2 e5 10. e3 e4 11. dxe4 dxc4 12. Qxc4 Nxe4 13. Nc3 Ndf6 14. Nxe4 Nxe4 15. Qd4 f5 16. Rad1 Rd8 17. Qc4+ Be6 18. Qc2 Bd5 19. Nd4 g6 20. f3 Ng5 21. e4 fxe4 22. fxe4 Bf7 23. Nxc6 bxc6 24. Bf6 Bc5+ 25. Kh1 Rxd1 26. Qxd1 Qe6 27. Bxg5 Be7 28. Bxe7 Qxe7 29. Qc2 Rc8 30. Qc3 c5 31. Rc1 Be6 32. Qe5 Qd7 33. h4 c4 34. bxc4 Bxc4 35. Qa5 a6 36. e5 Be6 37. Rxc8+ Qxc8 38. a3 Bh3 39. Bd5+ Kg7 40. Qb4 Qc1+ 41. Kh2 Bf5 42. Qe7+ 1-0

[Event "YUG-chT2"]
[Site "Tivat"]
[Date "1995.??.??"]
[Round "2"]
[White "Kurcubic, Jelenko"]
[Black "Paunovic, Dragan"]
[Result "0-1"]
[WhiteElo "2340"]
[BlackElo "2455"]
[PlyCount "110"]
[EventDate "1995.??.??"]
[EventType "team"]
[EventRounds "11"]
[EventCountry "YUG"]
[SourceTitle "EXT 2002"]
[Source "ChessBase"]
[SourceDate "2001.11.25"]
[SourceVersion "1"]
[SourceVersionDate "2001.11.25"]
[SourceQuality "1"]

1. e4 c5 2. c3 d6 3. d4 Nf6 4. Bd3 cxd4 5. cxd4 g6 6. Nf3 Bg7 7. 0-0 0-0 8. Nc3 Bg4 9. Be3 Nc6 10. Be2 d5 11. e5 Ne4 12. h3 Bxf3 13. Bxf3 Nxc3 14. bxc3 e6 15. Be2 Na5 16. f4 Rc8 17. Bd2 Nc4 18. Rf3 b5 19. Be1 Rc6 20. g4 Qb6 21. Kh1 f6 22. exf6 Bxf6 23. Rb1 Qa6 24. Bd3 Qa4 25. Qe2 Ra6 26. g5 Bg7 27. Rf2 Qa5 28. h4 Qc7 29. Qf3 Qd7 30. Qh3 Nd6 31. h5 Rf5 32. hxg6 hxg6 33. Bxf5 exf5 34. Qf3 Ne4 35. Rfb2 Rb6 36. Qd3 Nd6 37. a4 bxa4 38. Rxb6 axb6 39. Rxb6 Bf8 40. Qe2 Qh7+ 41. Qh2 Qc7 42. Qb2 Qh7+ 43. Qh2 Qc7 44. Rb4 a3 45. Ra4 Ne4 46. Qa2 Qxf4 47. Qxd5+ Kh7 48. Ra7+ Bg7 49. Qe5 Qf1+ 50. Kh2 Qe2+ 51. Kh3 Qg4+ 52. Kh2 Qe2+ 53. Kh3 Nxg5+ 54. Kg3 Qf3+ 55. Kh2 Qh3+ 0-1